Report of the Electricity Commission of New South Wales.

Saved in:
Bibliographic Details
New Title:Electricity Commission of New South Wales. Annual report : for the year ended 30 June ...
Corporate Author: Electricity Commission of New South Wales
Format: Serial
Language:English
Published: Sydney : The Commission, -1967.
Subjects:
LEADER 01535cas a2200373 a 4500
001 c000400483
003 CARM
005 20181017090526.0
008 181017d19uu1967xraar s0 a0eng d
019 1 |a 69843133  |5 LACONCORD2021 
035 |a (OCoLC)1267905480  |5 LACONCORD2021 
040 |a VMOU  |b eng  |c VMOU 
042 |a anuc 
043 |a u-at-ne 
082 0 4 |a 338.47/6213109944  |2 20 
110 2 |a Electricity Commission of New South Wales 
245 1 0 |a Report of the Electricity Commission of New South Wales. 
260 |a Sydney :  |b The Commission,  |c -1967. 
300 |a v. ;  |c 33 cm. 
310 |a Annual 
362 0 |a 1952-1967. 
515 |a First report covers period 22nd May,1950 to 30th June,1952. 
515 |a Report year ends June 30. 
610 2 0 |a Electricity Commission of New South Wales  |v Periodicals. 
610 2 0 |a Electricity Commission of New South Wales  |v Periodicals. 
650 0 |a Electric utilities  |z New South Wales  |v Periodicals. 
785 0 0 |a Electricity Commission of New South Wales.  |t Annual report : for the year ended 30 June ...  |x 0467-5320 
852 8 |b CARM  |i F10043  |p 0481461  |j 1961-1968  |f SE 
852 8 |b SCAN  |h A3:AO29D0  |i F10043  |p 0481461  |f SE 
852 8 |b SCAN  |h A3:AO29D0  |i F10043  |p 0481461  |f SE 
866 0 |a 1961-1968 
999 f f |i 433fc749-9dae-5ecd-91a8-c9f551040c72  |s c759f19f-8aa0-596b-a32f-708d7f44ec97 
952 f f |p Can circulate  |a CAVAL  |b CAVAL  |c CAVAL  |d CARM 1 Store  |e F10043  |h Other scheme  |i book  |k 1961-1968  |m 0481461 
952 f f |a CAVAL  |b CAVAL  |c CAVAL  |d Unmapped Location  |e F10043  |f A3:AO29D0  |h Other scheme